| 000 | 00439nam a2200169Ia 4500 | ||
|---|---|---|---|
| 008 | 230917s9999||||xx |||||||||||||| ||und|| | ||
| 020 | _cRS495 | ||
| 040 |
_e229484 _aMAIN |
||
| 041 | _aEnglish | ||
| 082 | _a330.9049 D84P | ||
| 100 | _aDrucker, Peter F | ||
| 245 | 0 | _aPost capitalist society | |
| 260 |
_aLondon _bRoutledge _c2014 |
||
| 300 | _avii, 204 p. | ||
| 500 | _a2199 04/12/2015 HBD15/1451 13/01/2016 Main Budget | ||
| 942 | _cBK | ||
| 999 |
_c16796 _d16796 |
||